Countries with the Largest National Parks - Statistics

General Stats
  • This quiz has been taken 68 times
  • The average score is 24 of 34
Answer Stats
Area in km² National Park Country % Correct
30,532 Beringia, Yugyd Va etc. Russia
98%
33,682 Wrangell–St. Elias, Gates of the Arctic etc. United States
98%
123,100 Three-River-Source, Giant Panda etc. China
97%
38,874 Tumucumaque Mountains, Jaú etc. Brazil
95%
44,972 Wood Buffalo, Quttinirpaaq etc. Canada
95%
36,000 Munga-Thirri-Simpson Desert, Kakadu etc. Australia
90%
19,623 Kruger South Africa
87%
17,140 Salonga, Upemba, etc. Democratic Republic of the Congo
86%
25,050 Lorentz, Teluk Cenderawasih etc. Indonesia
84%
30,893 Nyerere, Ruaha etc. Tanzania
84%
72,000 Tassili n'Ajjer Algeria
83%
14,600 Alberto de Agostini Chile
83%
42,680 Serranía de Chiribiquete, Puinawai etc. Colombia
81%
13,747 Tsavo East Kenya
76%
20,300 Guiana Amazonian France
75%
13,901 Central Karakoram Pakistan
75%
15,000 Nayband, Khar Turan etc. Iran
73%
26,947 Gobi Gurvansaikhan Mongolia
73%
107,540 Dorob, Etosha Namibia
73%
75,340 Caura, Parima Tapirapecó etc. Venezuela
73%
35,600 Gabal Elba Egypt
68%
13,286 Sør-Spitsbergen Norway
68%
28,000 Gemsbok, Chobe Botswana
67%
12,519 Fiordland New Zealand
67%
22,400 Kafue Zambia
65%
22,610 Luengue-Luiana, Iona etc. Angola
62%
15,234 Noel Kempff Mercado, Isiboro Sécure Bolivia
59%
11,233 Limpopo Mozambique
56%
13,952 Vatnajökull Iceland
54%
17,400 Manovo-Gounda St. Floris, Bamingui-Bangoran etc. Central African Republic
51%
10,910 Wakhan Afghanistan
46%
26,200 Hobyo Somalia
30%
19,400 Assagny, Comoé Ivory Coast
16%
26,000 Tajik Tajikistan
16%
No matching quizzes found
Score Distribution
Percent of People with Each Score
Percentile by Number Answered
Your Score History
You have not taken this quiz